Statistics for The Mongols

Click here to take the quiz!

General Stats

  • This quiz has been taken 117 times
  • The average score is 5 of 15

Answer Stats

clueAnswer% Correct
Country where this tribe originatedMongolia
83%
One of the first and most important mongol leadersGenghis Khan
81%
Italian traveler who was made a member of the Khans courtMarco Polo
65%
The previous Khan's GrandsonKublai Khan
58%
The dynasty Khan grandson established in ChinaYuan
50%
Chinese dynasty the grandson conqueredSong
39%
The Khans were known as savages orbarbarians
36%
Type of warfare Khans primarily usedHorse
32%
Type of Grasslands the Khans lived inSteppes
27%
The type of people the Khans wereNomads
23%
Period of peace where trade was encouragedPax Mongolica
15%
What the Khans burned in place of woodDung
14%
A symbol of a Khans manhoodBeard
9%
Asian empire the first Khan conqueredPersia
9%
What Khan really meansLord of Lords
1%

Score Distribution

Percentile by Number Answered

Percent of People with Each Score

Your Score History

You have not taken this quiz